| 000 | 00483nam a2200181Ia 4500 | ||
|---|---|---|---|
| 005 | 20250508152820.0 | ||
| 008 | 008 250505s9999 xx 000 0 hin d | ||
| 037 | _aReference | ||
| 040 |
_aFEDL _beng _cFEDL |
||
| 041 |
_ahin _2eng |
||
| 084 |
_a550.3, SEN _qFEDL |
||
| 100 | _aSengupta S C | ||
| 245 | 0 | _aBhutatva vigyan kosh | |
| 260 |
_aPrayag, India _bHindi Sahitya Sammelan _c1953 |
||
| 300 | _a52p. | ||
| 942 |
_cREF _h550.3, SEN |
||
| 999 |
_c1338931 _d1338931 |
||